000 01046cam a22003017a 4500
005 20220329141203.0
008 971010s1989 r 00010 d
010 _a64036
011 _a65008
035 _a71167
090 _aQ531
090 _aTesis
100 0 0 _aQuijano Nadal, Humberto Antonio.
_993310
245 0 _aProblemática de la organización ejidal
_b: el caso de "El gallito" en Quintana Roo
260 _aChapingo, Méx. :
_bEl autor,
_c1989
300 _a46 h.
502 _aTesis (Ing. Agrónomo Esp. en Zootecnia) -- UACH. Departamento de Zootecnia
590 _aALEPH
_b10
_c20130110
_lUCH01
_h1348
590 _aBATCH-UPD
_b10
_c20130110
_lUCH01
_h0456
590 _aBATCH-UPD
_b10
_c20130110
_lUCH01
_h2243
590 _aCONVERSION
_b10
_c20130109
_lUCH01
_h1335
650 1 4 _aEjido El Gallito, Q.R.
_935893
650 1 4 _aEjidos
_xQuintana Roo.
_936027
650 1 4 _aEjidos
_xQuintana Roo.
_936027
710 0 _aUACH. Departamento de Zootecnia.
_9115904
901 _aBK
949 _aQ531
_bZ
_cTESBD
_d-3768
_eTS1
_h578
_i71167
_si
999 _c64036
_d64036